| 000 | 00751nam a22002057a 4500 | ||
|---|---|---|---|
| 999 |
_c16193 _d16193 |
||
| 003 | AR-CdUCM | ||
| 008 | 190502b ||||| |||| 00| 0 spa d | ||
| 040 |
_aMUNICIPALIDAD PROVINCIAL DEL CUSCO _cBIBLIOTECA MUNICIPAL DEL CUSCO |
||
| 082 |
_a868.12 / _bR89 |
||
| 245 | _aRomancero selecto del cid / | ||
| 260 |
_aMexico D.F. : _bNacional, _c1972. |
||
| 300 |
_a352 paginas ; _bIlustraciones, _c18 cm. |
||
| 505 | _aContenido : Non culpedes si he fecho -- Cuidando Diego Laínez -- Non es de sesudos homes -- Llorando Diego Laínez -- Día era de los reyes... | ||
| 650 |
_aTradiciones heroicas _935488 |
||
| 650 |
_aHistoria literaria _92287 |
||
| 650 |
_aEuropa _91221 |
||
| 650 |
_aReyes _930226 |
||
| 942 |
_2ddc _cLIBROS |
||
| 945 |
_awnts _d2019-05-2 |
||